| 000 | 00976nam a22002297a 4500 | ||
|---|---|---|---|
| 005 | 20110224145937.0 | ||
| 008 | 110224t xxu||||| |||| 00| 0ben d | ||
| 010 | _aBEN-8383 | ||
| 020 |
_a978812950901 _c100.00 |
||
| 035 | _aBN-6588 | ||
| 037 | _bDBAD/PUB | ||
| 040 |
_aDPL _bBN |
||
| 100 |
_926208 _aিমত্র েপ্রেমন্দর |
||
| 245 |
_aভু ত িশকারীেমজকর্তা/ _cিমত্র েপ্রেমন্দর |
||
| 246 |
_aBhoot Mejokarta Ebong _b by Mitra Premendra |
||
| 260 |
_aকলকাতা _bেদ'জ পবিলিশং _c2009 |
||
| 270 |
_a১৩ বfঙ্কম চ্ত্তের্জী স্টীট _bকলকাতা _e700073 |
||
| 300 | 3 |
_a199 p _c22 cm (HB) |
|
| 700 | _926212 | ||
| 942 |
_2ddc _cBN _mিমত্র _hউ |
||
| 999 |
_c50799 _d50799 |
||